Military Aircraft by Air Combat Record - Statistics

General Stats
  • This quiz has been taken 71 times
  • The average score is 8 of 12
Answer Stats
Record Producer Answer % Correct
105-0 USA McDonnell Douglas F-15 Eagle
98%
76-1 USA General Dynamics F-16 Fighting Falcon
84%
24-43 France Dassault Mirage F1
70%
6-18 USSR Mikoyan MiG-29
68%
2-0 USA Lockheed Martin F-22 Raptor
66%
135-4 USA Grumman F-14 Tomcat
61%
240-501 USSR Mikoyan-Gurevich MiG-21
61%
2-0 USA Lockheed Martin F-35 Lightning II
57%
28-0 US/UK McDonnell Douglas AV-8B Harrier II
50%
25-102 USSR Mikoyan-Gurevich MiG-23
50%
1-0 France Dassault Mirage 2000
46%
6-0 USSR Sukhoi Su-27
43%
No matching quizzes found
Score Distribution
Percent of People with Each Score
Percentile by Number Answered
Your Score History
You have not taken this quiz